000 00876 a2200241 4500
001 60441
005 20260407155855.0
008 260407a1988 arg spa d
003 AR-UNSa-BCEJYS
040 _aAR-UNSa-BCEJYS
_bspa
_cAR-UNSa-BCEJYS
080 _a321.7
_xDemocracia
245 1 0 _aLa democracia frente al reto del estado eficiente
020 _a978-950-694-031-7
264 1 _aBuenos Aires :
_bGrupo Editor Latinoamericano
_c1988
300 _a213 p.
_c23 cm.
505 _a1. Los nuevos paradigmas - 2. Planificación, gestión y políticas públicas - 3. Los enlaces necesarios entre planificación y gestión - 4. La formación de planificadores y administradores públicos -
041 _aspa
942 _cBK
590 _aniveau_biblio:m niveau_hierar:0
100 1 _aCosta Filho, Alfredo
700 1 _aKliksberg, Bernardo
700 1 _aMartín, Juan
999 _c6994
_d6994